gminy powiatu pruszkowskiego - Statystyki

Ogólne statystyki
  • Ten quiz został rozwiązany 172 razy
  • Średni wynik to 4 z 6
Odpowiedzi na mapie
Odpowiedzi zakodowano w zielono-czerwonej skali na mapie do tego quizu, zgodnie z poniższymi procentami.
 
Statystyki odpowiedzi
Gmina Odpowiedź % Poprawnych
miejska Pruszków
97%
miejska Piastów
81%
miejsko-wiejska Brwinów
75%
wiejska Michałowice
61%
wiejska Nadarzyn
59%
wiejska Raszyn
58%
Nie znaleziono quizów pasujących do podanych kryteriów
Rozkład punktacji
Procent ludzi z każdym wynikiem
Percentyl według liczby udzielonych odpowiedzi
Twoja historia wyników
Nie rozwiązałeś tego quizu